Tìm hiểu tình hình chuyển dịch cơ cấu cây trồng vật nuôi của huyện Quế Sơn (Quảng Nam) giai đoạn 2000-2005. Ảnh hưởng của nó đến sự phát triển kinh tế - xã hội huyện
Cơ sở lí luận chung. Tình hình chuyển dịch cơ cấu cây trồng vật nuôi ở huyện Quế Sơn (Quảng Nam) giai đoạn 2000 - 2005. Ảnh hưởng của nó đến sự phát triển kinh tế - xã hội huyện. Định hướng phát triển nông nghiệp Quế Sơn đến năm 2012 và các giải pháp....
Đã lưu trong:
| Tác giả chính: | |
|---|---|
| Tác giả khác: | |
| Định dạng: | Sách |
| Ngôn ngữ: | Vietnamese |
| Được phát hành: |
Đại học Đà Nẵng
Trường Đại học Sư phạm
2008
|
| Loạt: | Khóa luận tốt nghiệp Đại học. Chuyên ngành: Cử nhân Địa lý
|
| Những chủ đề: | |
| Các nhãn: |
Thêm thẻ
Không có thẻ, Là người đầu tiên thẻ bản ghi này!
|
| Thư viện lưu trữ: | Mạng thư viện Đại học Đà Nẵng |
|---|
| LEADER | 01841nam a2200349 4500 | ||
|---|---|---|---|
| 001 | 000011081 | ||
| 003 | 7309 | ||
| 005 | 20120203080234.0 | ||
| 008 | 120201s2008 viesd | ||
| 041 | |a vie | ||
| 072 | |a Khóa luận tốt nghiệp | ||
| 082 | |a 338.18 |b NG-T | ||
| 100 | 1 | |a Nguyễn, Thị Cẩm Tú | |
| 245 | 1 | |a Tìm hiểu tình hình chuyển dịch cơ cấu cây trồng vật nuôi của huyện Quế Sơn (Quảng Nam) giai đoạn 2000-2005. Ảnh hưởng của nó đến sự phát triển kinh tế - xã hội huyện |c Nguyễn, Thị Cẩm Tú | |
| 260 | |a Đại học Đà Nẵng |b Trường Đại học Sư phạm |c 2008 | ||
| 300 | |a 64 tr. [8 tr.] |b ảnh m.họa + bảng |c 29 cm | ||
| 490 | |a Khóa luận tốt nghiệp Đại học. Chuyên ngành: Cử nhân Địa lý | ||
| 500 | |a Tham khảo 64 tr. phụ lục [8 tr.] | ||
| 520 | |a Cơ sở lí luận chung. Tình hình chuyển dịch cơ cấu cây trồng vật nuôi ở huyện Quế Sơn (Quảng Nam) giai đoạn 2000 - 2005. Ảnh hưởng của nó đến sự phát triển kinh tế - xã hội huyện. Định hướng phát triển nông nghiệp Quế Sơn đến năm 2012 và các giải pháp. | ||
| 653 | |a Khóa luận tốt nghiệp Đại học | ||
| 653 | |a Khoa Địa lý | ||
| 700 | 1 | |a Hoàng, Thị Diệu Huyền |c Th.S |e Hướng dẫn | |
| OWN | |a LSP | ||
| AVA | |a UDN50 |b LSP |d 338.18 NG-T |e available |t Error 5001 Not defined in file expand_doc_bib_avail. |f 1 |g 0 |h N |i 0 |k 1 | ||
| 999 | |a From the UDN01 | ||
| AVA | |a UDN50 |b LSP |d 338.18 NG-T |e available |t Error 5001 Not defined in file expand_doc_bib_avail. |f 1 |g 0 |h N |i 0 |k 1 | ||
| TYP | |a Monograph | ||
| TYP | |a Printed language | ||
| 980 | |a Mạng thư viện Đại học Đà Nẵng | ||